EXPORT IMPORT PROCEDURES AND DOCUMENTATIONS (Record no. 66897)
[ view plain ]
| 000 -LEADER | |
|---|---|
| fixed length control field | 00415nam a22001577a 4500 |
| 003 - CONTROL NUMBER IDENTIFIER | |
| control field | OSt |
| 005 - DATE AND TIME OF LATEST TRANSACTION | |
| control field | 20251230145256.0 |
| 008 - FIXED-LENGTH DATA ELEMENTS--GENERAL INFORMATION | |
| fixed length control field | 251230b |||||||| |||| 00| 0 eng d |
| 020 ## - INTERNATIONAL STANDARD BOOK NUMBER | |
| International Standard Book Number | 9789351425038 |
| 040 ## - CATALOGING SOURCE | |
| Transcribing agency | IIMT UNIVERSITY, MEERUT |
| 100 ## - MAIN ENTRY--PERSONAL NAME | |
| Personal name | NEELAM ARORA |
| 245 ## - TITLE STATEMENT | |
| Title | EXPORT IMPORT PROCEDURES AND DOCUMENTATIONS |
| 260 ## - PUBLICATION, DISTRIBUTION, ETC. | |
| Place of publication, distribution, etc. | NEW DELHI |
| Name of publisher, distributor, etc. | HIMALAYA PUBLISHING HOUSE |
| Date of publication, distribution, etc. | 2013 |
| 300 ## - PHYSICAL DESCRIPTION | |
| Extent | 128 |
| 942 ## - ADDED ENTRY ELEMENTS (KOHA) | |
| Source of classification or shelving scheme | |
| Koha item type | Book Bank |
| Withdrawn status | Lost status | Source of classification or shelving scheme | Damaged status | Not for loan | Home library | Current library | Date acquired | Source of acquisition | Inventory number | Total Checkouts | Barcode | Date last seen | Price effective from | Koha item type |
|---|---|---|---|---|---|---|---|---|---|---|---|---|---|---|
| IIMT University Central Library Meerut | IIMT University Central Library Meerut | 12/30/2025 | R.LALL BOOK DEPOT | DE/IN/79029 | 01-B-146241 | 12/30/2025 | 12/30/2025 | Book Bank | ||||||
| IIMT University Central Library Meerut | IIMT University Central Library Meerut | 12/30/2025 | R.LALL BOOK DEPOT | DE/IN/79029 | 01-B-146242 | 12/30/2025 | 12/30/2025 | Book Bank | ||||||
| IIMT University Central Library Meerut | IIMT University Central Library Meerut | 12/30/2025 | R.LALL BOOK DEPOT | DE/IN/79029 | 01-B-146243 | 12/30/2025 | 12/30/2025 | Book Bank | ||||||
| IIMT University Central Library Meerut | IIMT University Central Library Meerut | 12/30/2025 | R.LALL BOOK DEPOT | DE/IN/79029 | 01-B-146244 | 12/30/2025 | 12/30/2025 | Book Bank | ||||||
| IIMT University Central Library Meerut | IIMT University Central Library Meerut | 12/30/2025 | R.LALL BOOK DEPOT | DE/IN/79029 | 01-B-146245 | 12/30/2025 | 12/30/2025 | Book Bank | ||||||
| IIMT University Central Library Meerut | IIMT University Central Library Meerut | 12/30/2025 | R.LALL BOOK DEPOT | DE/IN/79029 | 01-B-146246 | 12/30/2025 | 12/30/2025 | Book Bank | ||||||
| IIMT University Central Library Meerut | IIMT University Central Library Meerut | 12/30/2025 | R.LALL BOOK DEPOT | DE/IN/79029 | 01-B-146247 | 12/30/2025 | 12/30/2025 | Book Bank | ||||||
| IIMT University Central Library Meerut | IIMT University Central Library Meerut | 12/30/2025 | R.LALL BOOK DEPOT | DE/IN/79029 | 01-B-146248 | 12/30/2025 | 12/30/2025 | Book Bank | ||||||
| IIMT University Central Library Meerut | IIMT University Central Library Meerut | 12/30/2025 | R.LALL BOOK DEPOT | DE/IN/79029 | 01-B-146249 | 12/30/2025 | 12/30/2025 | Book Bank |

